000 00265nam a2200109Ia 4500
008 220216s9999 xx 000 0 und d
100 _aJacob C.K.
245 0 _aNew approaches for control of bark rot disease
260 _bRubber
_c1995
300 _a11
942 _cML
999 _c72645
_d72645